| 000 | 00617cam a22002173a 4500 | ||
|---|---|---|---|
| 001 | |||
| 003 | DO-SdBNP | ||
| 005 | 20220428104240.0 | ||
| 008 | 940817s1989 nyu d 000 1 eng d | ||
| 040 |
_aBPMSU _bspa _cBPMSU _d |
||
| 082 |
_a813 _bH313m 1989 _222 |
||
| 100 | 1 |
_aHarris, Ruth _d1936- |
|
| 245 | 1 | 0 |
_aModern women / _cRuth Harris. |
| 260 |
_aNew York : _bSt. Martin's Press, _c1989 |
||
| 300 |
_a408 p. ; _c22 cm. |
||
| 590 | _6Inventariado, 2022/VM | ||
| 650 | 4 | _a Novela estadounidense. | |
| 710 | 2 |
_aCopyright Paperback Collection (Library of Congress) _5DLC |
|
| 910 | _aVMateo V. | ||
| 942 |
_2ddc _cBK |
||
| 999 |
_c14171 _d14171 |
||